[Event "Titled Tuesday intern op 5th May"]
[Site "Chess.com INT"]
[Date "2020.05.05"]
[Round "9"]
[White "Stegariu, Vlad Ionut"]
[Black "Clarke, Brandon GI"]
[Result "1-0"]
[WhiteElo "2278"]
[BlackElo "2429"]
[PlyCount "83"]
[EventDate "2020.05.05"]
[EventType "swiss (blitz)"]
[EventRounds "10"]
[EventCountry "USA"]
[SourceTitle "CBM 196 Extra"]
[Source "ChessBase"]
[SourceDate "2020.07.31"]
[SourceVersion "1"]
[SourceVersionDate "2020.07.31"]
[SourceQuality "1"]

1. e4 c5 2. Nf3 d6 3. d4 cxd4 4. Nxd4 Nf6 5. Nc3 a6 6. Be2 e5 7. Nb3 Be7 8. 0-0 0-0 9. Be3 Be6 10. f4 exf4 11. Rxf4 Nc6 12. a4 Nd7 13. Rf1 Rc8 14. a5 Bg5 15. Bf2 Nde5 16. Nd5 Re8 17. Bb6 Qd7 18. c3 Ne7 19. Kh1 Nxd5 20. exd5 Bf5 21. Nd4 Be4 22. Nf3 Bf6 23. Ra4 Bxd5 24. Qxd5 Qxa4 25. Qxb7 Nc4 26. Qxa6 Nxb2 27. Bb5 Qe4 28. Bxe8 Rxe8 29. Qb5 Nd3 30. a6 h5 31. Qxh5 Qe2 32. Rb1 g6 33. Qb5 Qa2 34. Qxe8+ Kg7 35. Qb5 Nf4 36. Qb2 Qxa6 37. Bd4 Qd3 38. Bxf6+ Kxf6 39. Re1 Kg7 40. Qd2 Qf5 41. Nh4 Qg4 42. Rf1 1-0

[Event "Titled Tuesday intern op 5th May"]
[Site "Chess.com INT"]
[Date "2020.05.05"]
[Round "3"]
[White "Stegariu, Vlad Ionut"]
[Black "Larrea, Manuel"]
[Result "1-0"]
[WhiteElo "2278"]
[BlackElo "2230"]
[PlyCount "65"]
[EventDate "2020.05.05"]
[EventType "swiss (blitz)"]
[EventRounds "10"]
[EventCountry "USA"]
[SourceTitle "EXT 2021"]
[Source "ChessBase"]
[SourceDate "2020.10.23"]
[SourceVersion "1"]
[SourceVersionDate "2020.10.23"]
[SourceQuality "1"]

1. e4 c5 2. Nf3 Nc6 3. d4 cxd4 4. Nxd4 Nf6 5. Nc3 e5 6. Ndb5 d6 7. Bg5 a6 8. Na3 b5 9. Nd5 Be7 10. Bxf6 Bxf6 11. c3 Bg5 12. h4 Bh6 13. Be2 0-0 14. Bg4 Be6 15. Nc2 Ne7 16. Nce3 Bxe3 17. Nxe3 Bxg4 18. Qxg4 Qc8 19. Qxc8 Rfxc8 20. Ke2 Rc6 21. Rhd1 Ng6 22. g3 Ne7 23. a4 Rb8 24. axb5 Rxb5 25. Rd2 g6 26. Kd1 f5 27. exf5 gxf5 28. f4 Kf7 29. Kc2 Ke6 30. Rad1 a5 31. b3 Rcb6 32. Nc4 Nd5 33. Rxd5 1-0

[Event "Titled Tuesday intern op 28th Apr"]
[Site "Chess.com INT"]
[Date "2020.04.28"]
[Round "7"]
[White "Nenezic, Marko"]
[Black "Stegariu, Vlad Ionut"]
[Result "0-1"]
[WhiteElo "2528"]
[BlackElo "2278"]
[PlyCount "90"]
[EventDate "2020.04.28"]
[EventType "swiss (blitz)"]
[EventRounds "10"]
[EventCountry "USA"]
[SourceTitle "EXT 2021"]
[Source "ChessBase"]
[SourceDate "2020.10.23"]
[SourceVersion "1"]
[SourceVersionDate "2020.10.23"]
[SourceQuality "1"]

1. d4 Nf6 2. c4 e6 3. Nc3 d5 4. cxd5 Nxd5 5. e3 c5 6. Bd3 Nc6 7. Nf3 cxd4 8. exd4 Be7 9. 0-0 0-0 10. a3 Nxc3 11. bxc3 b6 12. Re1 Bb7 13. Qc2 g6 14. Bh6 Re8 15. Qd2 Bf8 16. h4 Rc8 17. h5 Qd5 18. hxg6 hxg6 19. Bxf8 Rxf8 20. Be4 Qh5 21. g3 Na5 22. Kg2 Nb3 23. Qd1 Bxe4 24. Rxe4 Nxa1 25. Rh4 Qf5 26. Qh1 Qf6 27. Ne5 Rxc3 28. Qxa1 Rc7 29. Ng4 Qg5 30. Ne3 Kg7 31. d5+ e5 32. d6 Rd7 33. Qh1 Rxd6 34. Ng4 Rg8 35. Rh7+ Kf8 36. Nh6 Rg7 37. Rh8+ Ke7 38. Qe1 Rd2 39. Qe4 Qf6 40. Qb7+ Rd7 41. Qc8 Kd6 42. Re8 Rh7 43. Ng4 Qf5 44. Qb8+ Kc6 45. Nxe5+ Kb5 0-1

[Event "Titled Tuesday intern op 28th Apr"]
[Site "Chess.com INT"]
[Date "2020.04.28"]
[Round "5"]
[White "Stegariu, Vlad Ionut"]
[Black "Javakhadze, Zurab"]
[Result "1-0"]
[WhiteElo "2278"]
[BlackElo "2454"]
[PlyCount "87"]
[EventDate "2020.04.28"]
[EventType "swiss (blitz)"]
[EventRounds "10"]
[EventCountry "USA"]
[SourceTitle "EXT 2021"]
[Source "ChessBase"]
[SourceDate "2020.10.23"]
[SourceVersion "1"]
[SourceVersionDate "2020.10.23"]
[SourceQuality "1"]

1. e4 c5 2. Nf3 d6 3. d4 cxd4 4. Nxd4 Nf6 5. Nc3 a6 6. Be2 e5 7. Nb3 Be6 8. a4 Be7 9. 0-0 0-0 10. f4 Nbd7 11. f5 Bxb3 12. cxb3 Nc5 13. Bf3 Qb6 14. Be3 Qxb3 15. Qe2 Rac8 16. g4 h6 17. h4 Nh7 18. g5 hxg5 19. Nd5 Bd8 20. Ra3 g4 21. Bxg4 Qxa3 22. bxa3 Nxe4 23. f6 Ng3 24. Qg2 Nxf1 25. Bxc8 Bxf6 26. Nxf6+ Nxf6 27. Kxf1 Rxc8 28. Qxb7 Rc3 29. Ke2 d5 30. Qxa6 d4 31. Bd2 Rxa3 32. Qd6 d3+ 33. Kf3 e4+ 34. Ke3 Rxa4 35. Qb8+ Kh7 36. Bc3 Nd5+ 37. Kd2 Ra2+ 38. Bb2 Ra6 39. Qe5 Nf6 40. Qf5+ g6 41. Qf4 Nh5 42. Qxf7+ Kh6 43. Qf8+ Kh7 44. Qh8# 1-0

[Event "Titled Tuesday intern op 28th Apr"]
[Site "Chess.com INT"]
[Date "2020.04.28"]
[Round "8"]
[White "Stegariu, Vlad Ionut"]
[Black "Willow, Jonah B"]
[Result "0-1"]
[WhiteElo "2278"]
[BlackElo "2386"]
[PlyCount "121"]
[EventDate "2020.04.28"]
[EventType "swiss (blitz)"]
[EventRounds "10"]
[EventCountry "USA"]
[SourceTitle "CBM 195 Extra"]
[Source "ChessBase"]
[SourceDate "2020.05.31"]
[SourceVersion "1"]
[SourceVersionDate "2020.05.31"]
[SourceQuality "1"]

1. e4 c5 2. Nf3 Nc6 3. d4 cxd4 4. Nxd4 g6 5. Nc3 Bg7 6. Be3 Nf6 7. Bc4 0-0 8. f3 d6 9. Qd2 Bd7 10. h4 Nxd4 11. Bxd4 b5 12. Bb3 a5 13. a4 bxa4 14. Bxa4 h5 15. Bb3 a4 16. Bxa4 Bxa4 17. Rxa4 Qd7 18. Rxa8 Rxa8 19. 0-0 Qb7 20. b3 Rc8 21. Nd5 Nxd5 22. Bxg7 Kxg7 23. exd5 Rc5 24. Rd1 f6 25. Qe3 Kf7 26. c4 Qc8 27. Re1 Rc7 28. Rc1 Rb7 29. Kh2 Qf5 30. Re1 Qe5+ 31. Qxe5 fxe5 32. Rb1 e6 33. dxe6+ Kxe6 34. Kg3 d5 35. cxd5+ Kxd5 36. Kf2 Kd4 37. Ke2 Rb4 38. Rd1+ Kc5 39. Rd3 Rxh4 40. Ke3 Rb4 41. Rc3+ Kd5 42. Rd3+ Ke6 43. Kd2 Rb8 44. Kc3 Rc8+ 45. Kb2 g5 46. b4 g4 47. fxg4 hxg4 48. Kb3 Kf5 49. b5 e4 50. Rc3 Rb8 51. Kb4 Re8 52. Rc2 e3 53. Re2 Ke4 54. Kc4 Rc8+ 55. Kb3 Kd3 56. Re1 e2 57. Ra1 Kd2 58. Ra2+ Ke3 59. Ra1 Kf2 60. Ra2 Kf1 61. g3 0-1

[Event "Titled Tuesday intern op 21st April"]
[Site "Chess.com INT"]
[Date "2020.04.21"]
[Round "3"]
[White "Aslanov, Umid Fuad"]
[Black "Stegariu, Vlad Ionut"]
[Result "0-1"]
[WhiteElo "2019"]
[BlackElo "2278"]
[PlyCount "92"]
[EventDate "2020.04.21"]
[EventType "swiss (blitz)"]
[EventRounds "10"]
[EventCountry "USA"]
[SourceTitle "EXT 2021"]
[Source "ChessBase"]
[SourceDate "2020.10.23"]
[SourceVersion "1"]
[SourceVersionDate "2020.10.23"]
[SourceQuality "1"]

1. e4 e5 2. Nf3 Nc6 3. Bc4 Bc5 4. c3 Nf6 5. d4 exd4 6. cxd4 Bb4+ 7. Bd2 Bxd2+ 8. Nbxd2 d5 9. exd5 Nxd5 10. Qb3 Nce7 11. 0-0 0-0 12. Rfe1 c6 13. Ne4 Rb8 14. Nc3 Be6 15. Ng5 Qd7 16. Nxe6 fxe6 17. Ne4 b6 18. Ng5 Rf6 19. Qh3 Rh6 20. Qg4 Nf5 21. Bd3 Rf8 22. g3 Rg6 23. Qh5 Rh6 24. Qg4 Nf6 25. Qe2 Nxd4 26. Qe3 Ng4 27. Bxh7+ Rxh7 28. Qe4 Nf6 29. Qd3 Rh5 30. Nxe6 Nxe6 31. Qxd7 Nxd7 32. Rxe6 Rc5 33. Rd1 Nf6 34. Re7 Rc2 35. Rxa7 Rxb2 36. Re1 Rf7 37. Ra8+ Kh7 38. Re6 c5 39. a4 Rc7 40. a5 bxa5 41. Rxa5 c4 42. Ra1 c3 43. Ree1 c2 44. Rac1 Nd5 45. Re2 Nb4 46. Ree1 Nd3 0-1

[Event "Titled Tuesday intern op 21st April"]
[Site "Chess.com INT"]
[Date "2020.04.21"]
[Round "7"]
[White "Stegariu, Vlad Ionut"]
[Black "Nguyen, Thi Thanh An"]
[Result "1/2-1/2"]
[WhiteElo "2278"]
[BlackElo "2285"]
[PlyCount "233"]
[EventDate "2020.04.21"]
[EventType "swiss (blitz)"]
[EventRounds "10"]
[EventCountry "USA"]
[SourceTitle "EXT 2021"]
[Source "ChessBase"]
[SourceDate "2020.10.23"]
[SourceVersion "1"]
[SourceVersionDate "2020.10.23"]
[SourceQuality "1"]

1. e4 c5 2. Nf3 d6 3. d4 cxd4 4. Nxd4 Nf6 5. Nc3 g6 6. Be3 Bg7 7. Qd2 h5 8. f3 a6 9. a4 Qc7 10. Be2 Nbd7 11. 0-0 0-0 12. a5 Nc5 13. b4 Ne6 14. Na4 Nxd4 15. Bxd4 Be6 16. Nb6 Rad8 17. c4 Nd7 18. Bxg7 Kxg7 19. Nd5 Bxd5 20. cxd5 Rc8 21. Rfc1 Qb8 22. Qd4+ f6 23. b5 Rxc1+ 24. Rxc1 axb5 25. Bxb5 Nc5 26. Qc3 Qa7 27. Kh1 Ra8 28. Ra1 Qb8 29. f4 Qc8 30. e5 Ne4 31. exf6+ exf6 32. Qd4 Qc3 33. Qxc3 Nxc3 34. Bc4 Rc8 35. Bb3 Rc5 36. Rc1 Ne4 37. Rxc5 Nxc5 38. Bc2 g5 39. g3 Kh6 40. Kg2 Kg7 41. h4 gxf4 42. gxf4 Na6 43. Bd1 Nc5 44. Bxh5 Nb3 45. Kf3 Nxa5 46. Ke3 Nb3 47. Bd1 Nc5 48. Kd4 Kg6 49. Bg4 Kh6 50. Kc4 Kg6 51. Kb5 Nd3 52. f5+ Kh6 53. Kb6 Nf4 54. Bf3 Nd3 55. Kc7 Ne5 56. Be2 b5 57. Bxb5 Nf3 58. Kxd6 Nxh4 59. Ke6 Kg5 60. Bd3 Nf3 61. d6 Nd4+ 62. Kd5 Nf3 63. d7 Ne5 64. d8Q Nxd3 65. Ke6 Nf4+ 66. Kf7 Kxf5 67. Qxf6+ Ke4 68. Qa6 Nd5 69. Kg6 Nf4+ 70. Kg5 Nd5 71. Qc6 Ke5 72. Qc5 Ke6 73. Qc1 Ke5 74. Qe1+ Kd4 75. Kf5 Ne3+ 76. Ke6 Ke4 77. Qb4+ Kd3 78. Ke5 Nc4+ 79. Kd5 Ne3+ 80. Kc5 Nc2 81. Qc4+ Kd2 82. Qh4 Ne3 83. Kb4 Kd3 84. Qg3 Kd4 85. Qf2 Ke4 86. Qf8 Kd4 87. Qd8+ Ke4 88. Kc3 Nd5+ 89. Kc4 Ne3+ 90. Kc5 Nf5 91. Qd5+ Kf4 92. Qd1 Ke4 93. Qe2+ Kf4 94. Kd5 Ne3+ 95. Ke6 Ke4 96. Qe1 Kd4 97. Qb4+ Kd3 98. Ke5 Nc4+ 99. Kf4 Kd4 100. Qa4 Kd5 101. Qa8+ Kd4 102. Kf3 Ne5+ 103. Ke2 Nc4 104. Qa7+ Kd5 105. Kd3 Ne5+ 106. Kc3 Ke4 107. Qa8+ Kf5 108. Kd4 Ng6 109. Qe4+ Kf6 110. Qf3+ Ke6 111. Qe4+ Kf6 112. Qa8 Ne7 113. Qa6+ Kf5 114. Qa7 Ng6 115. Qd7+ Kf6 116. Qb7 Kf5 117. Ke3 1/2-1/2

[Event "Titled Tuesday intern op 14th April"]
[Site "Chess.com INT"]
[Date "2020.04.14"]
[Round "7"]
[White "Markidis, Konstantinos"]
[Black "Stegariu, Vlad Ionut"]
[Result "0-1"]
[WhiteElo "2148"]
[BlackElo "2278"]
[PlyCount "106"]
[EventDate "2020.04.14"]
[EventType "swiss (blitz)"]
[EventRounds "10"]
[EventCountry "USA"]
[SourceTitle "EXT 2021"]
[Source "ChessBase"]
[SourceDate "2020.10.23"]
[SourceVersion "1"]
[SourceVersionDate "2020.10.23"]
[SourceQuality "1"]

1. e4 e5 2. Nf3 Nc6 3. Bb5 a6 4. Ba4 Nf6 5. 0-0 Be7 6. Re1 b5 7. Bb3 d6 8. c3 Nb8 9. d4 Nbd7 10. Bxf7+ Kxf7 11. Ng5+ Kg6 12. f4 exf4 13. Ne6 Qg8 14. Nxf4+ Kf7 15. e5 g5 16. exf6 Nxf6 17. Qb3+ Kf8 18. Ne6+ Bxe6 19. Rxe6 Re8 20. Nd2 Bd8 21. Rxe8+ Nxe8 22. Nf3 g4 23. Qxg8+ Rxg8 24. Bh6+ Kf7 25. Nd2 d5 26. Rf1+ Bf6 27. Bf4 c6 28. a4 Ke6 29. axb5 axb5 30. Ra1 Bg5 31. Bxg5 Rxg5 32. Ra7 Rg7 33. Ra8 Nd6 34. Ra6 Rc7 35. Nb3 Ne4 36. Ra8 Rf7 37. Ra6 Kd6 38. Na5 Rc7 39. Nb3 h5 40. h3 g3 41. Kf1 Rf7+ 42. Ke1 Rf2 43. Na5 Rxg2 44. Rxc6+ Kd7 45. Rg6 Rxb2 46. Kf1 h4 47. Nb7 Nd2+ 48. Kg2 Ne4+ 49. Kg1 Nf2 50. Nc5+ Ke7 51. Re6+ Kf7 52. Kg2 Nd3+ 53. Kg1 Nxc5 0-1

[Event "Titled Tuesday intern op 14th April"]
[Site "Chess.com INT"]
[Date "2020.04.14"]
[Round "8"]
[White "Stegariu, Vlad Ionut"]
[Black "Sorensen, Hampus"]
[Result "1-0"]
[WhiteElo "2278"]
[BlackElo "2361"]
[PlyCount "123"]
[EventDate "2020.04.14"]
[EventType "swiss (blitz)"]
[EventRounds "10"]
[EventCountry "USA"]
[SourceTitle "EXT 2021"]
[Source "ChessBase"]
[SourceDate "2020.10.23"]
[SourceVersion "1"]
[SourceVersionDate "2020.10.23"]
[SourceQuality "1"]

1. e4 e5 2. Nf3 Nc6 3. Bb5 a6 4. Ba4 Nf6 5. 0-0 Be7 6. Re1 b5 7. Bb3 d6 8. c3 0-0 9. h3 Nb8 10. d4 Nbd7 11. Nbd2 Bb7 12. Bc2 Re8 13. Nf1 Bf8 14. a4 c5 15. d5 c4 16. Ng3 g6 17. Be3 Qc7 18. Qd2 Nc5 19. Nh2 Reb8 20. axb5 axb5 21. Ng4 Nxg4 22. hxg4 Bc8 23. g5 Ra7 24. Rxa7 Qxa7 25. Bxc5 Qxc5 26. Ra1 Qc7 27. Qe3 Be7 28. Ra7 Qd8 29. Qf3 Bd7 30. Qd1 Bxg5 31. Qa1 Kg7 32. Qa6 Be7 33. Nf1 h5 34. Ne3 h4 35. Bd1 Rb6 36. Qa5 Rb8 37. Qa6 Bf8 38. Nc2 Be8 39. Bg4 Kg8 40. Ne3 b4 41. Qxc4 bxc3 42. bxc3 Qg5 43. Ra1 Qf4 44. Qe2 Bh6 45. Bf3 Bd7 46. Nc4 Qf6 47. Qa2 Bb5 48. Rb1 Bf4 49. Qa7 Rf8 50. Rxb5 h3 51. g3 Bxg3 52. fxg3 Qxf3 53. Qf2 Qd1+ 54. Kh2 f5 55. Ne3 Qd3 56. Rb7 fxe4 57. Qe1 Rf3 58. Rb8+ Kg7 59. Ng4 e3 60. Kxh3 e2 61. Rb7+ Kg8 62. Qg1 1-0

[Event "Abu Dhabi op 24th"]
[Site "Abu Dhabi"]
[Date "2017.08.19"]
[Round "5"]
[White "Stegariu, Vlad Ionut"]
[Black "Hovhannisyan, Robert"]
[Result "1/2-1/2"]
[WhiteElo "2244"]
[BlackElo "2606"]
[PlyCount "169"]
[EventDate "2017.08.14"]
[EventType "swiss"]
[EventRounds "9"]
[EventCountry "UAE"]
[SourceTitle "CBM 180 Extra"]
[Source "ChessBase"]
[SourceDate "2017.10.06"]
[SourceVersion "1"]
[SourceVersionDate "2017.10.06"]
[SourceQuality "1"]

1. Nf3 d5 2. g3 c6 3. Bg2 Bg4 4. h3 Bxf3 5. Bxf3 Nd7 6. d3 e6 7. Bg2 Bd6 8. Nd2 h5 9. Nf3 Ne7 10. c4 Ng6 11. cxd5 exd5 12. h4 Nge5 13. Nxe5 Nxe5 14. 0-0 Ng4 15. d4 Qc7 16. Qd3 0-0 17. e4 dxe4 18. Bxe4 Rad8 19. Bg5 Be7 20. Bxe7 Qxe7 21. Rad1 Nf6 22. Bf3 Rfe8 23. Qb3 Qd7 24. Rd2 Re6 25. Rfd1 Rd6 26. Qc4 g6 27. b4 a6 28. a4 Nd5 29. Qb3 Nc7 30. Bg2 Qe7 31. Rd3 Qe6 32. Qc3 Nd5 33. Qb3 Qd7 34. Bf3 Kg7 35. Bg2 Re8 36. R3d2 Nf6 37. Qa3 Rde6 38. Qa1 Qe7 39. b5 axb5 40. axb5 cxb5 41. d5 Re1+ 42. Rxe1 Qxe1+ 43. Qxe1 Rxe1+ 44. Kh2 Ng4+ 45. Kh3 Rd1 46. Rb2 b4 47. f3 Ne3 48. Rxb4 Rd2 49. Bh1 Rxd5 50. Rxb7 Rd1 51. Bg2 Rd2 52. Bh1 Nd1 53. Bg2 Ne3 54. Bh1 Re2 55. Rb3 Kf8 56. Ra3 Ke7 57. Ra6 f6 58. Ra5 Kf7 59. Rb5 Kg7 60. Ra5 Kh6 61. Ra6 Kg7 62. Ra5 Re1 63. Bg2 Kf7 64. Ra2 Ke6 65. Kh2 Kd5 66. Bh3 Nc4 67. Bc8 g5 68. Bf5 Ne3 69. Bg6 gxh4 70. gxh4 Ke5 71. Bxh5 Rc1 72. Ra5+ Ke6 73. Bg6 f5 74. h5 Kf6 75. f4 Ng4+ 76. Kg2 Ne3+ 77. Kf3 Rc3 78. Ra6+ Kg7 79. Ra7+ Kf6 80. Rf7+ Ke6 81. Rf8 Nd5+ 82. Kf2 Nxf4 83. Bxf5+ Ke7 84. Rc8 Rxc8 85. Bxc8 1/2-1/2

[Event "Abu Dhabi op 24th"]
[Site "Abu Dhabi"]
[Date "2017.08.17"]
[Round "4"]
[White "Nihal, Sarin"]
[Black "Stegariu, Vlad Ionut"]
[Result "1/2-1/2"]
[WhiteElo "2485"]
[BlackElo "2244"]
[PlyCount "81"]
[EventDate "2017.08.14"]
[EventType "swiss"]
[EventRounds "9"]
[EventCountry "UAE"]
[SourceTitle "CBM 180 Extra"]
[Source "ChessBase"]
[SourceDate "2017.10.06"]
[SourceVersion "1"]
[SourceVersionDate "2017.10.06"]
[SourceQuality "1"]

1. d4 Nf6 2. c4 e6 3. Nc3 d5 4. Nf3 c5 5. cxd5 Nxd5 6. e4 Nxc3 7. bxc3 cxd4 8. cxd4 Bb4+ 9. Bd2 Bxd2+ 10. Qxd2 0-0 11. Bc4 b6 12. 0-0 Bb7 13. Rfe1 Nd7 14. a4 Qe7 15. a5 Rac8 16. Bd3 e5 17. axb6 axb6 18. Ra7 Rb8 19. d5 Nc5 20. Bb5 Ra8 21. Rxa8 Rxa8 22. Qb2 f6 23. h3 Ba6 24. Nd2 Rb8 25. Rb1 Bxb5 26. Qxb5 Qd7 27. Qb4 Qa4 28. Qc3 Nxe4 29. Qc7 Ra8 30. Nxe4 Qxe4 31. Rd1 Qe2 32. Rc1 Qd2 33. d6 Ra2 34. Rf1 Ra8 35. d7 Rf8 36. Qc4+ Kh8 37. Qc8 Kg8 38. Ra1 Kf7 39. Ra7 Rd8 40. Qxd8 Qc1+ 41. Kh2 1/2-1/2

[Event "Titled Tuesday intern op 6th Dec 2pm"]
[Site "Chess.com INT"]
[Date "2017.01.03"]
[Round "6"]
[White "Stegariu, Vlad Ionut"]
[Black "Simonovic, Miroslav"]
[Result "0-1"]
[WhiteElo "2244"]
[BlackElo "2219"]
[PlyCount "66"]
[EventDate "2017.12.06"]
[EventType "swiss (blitz)"]
[EventRounds "9"]
[EventCountry "USA"]
[SourceTitle "EXT 2021"]
[Source "ChessBase"]
[SourceDate "2020.10.23"]
[SourceVersion "1"]
[SourceVersionDate "2020.10.23"]
[SourceQuality "1"]

1. d4 Nf6 2. c4 c5 3. d5 b5 4. cxb5 a6 5. bxa6 Bxa6 6. Nc3 d6 7. e4 Bxf1 8. Kxf1 Nbd7 9. g3 g6 10. Kg2 Bg7 11. Nf3 0-0 12. a4 Qb6 13. Qe2 Qb3 14. Ra3 Qb4 15. Qc2 Rfb8 16. Nd2 Ng4 17. h3 Nge5 18. Rd1 c4 19. Nf3 Nxf3 20. Kxf3 Ne5+ 21. Kg2 Nd3 22. Rxd3 cxd3 23. Qxd3 Qd4 24. Qxd4 Bxd4 25. Nb5 Bc5 26. b4 Bxb4 27. Rb3 Bc5 28. Be3 Rxa4 29. Bxc5 dxc5 30. Kf3 c4 31. Rb1 Ra5 32. Nc3 Rxb1 33. Nxb1 c3 0-1

[Event "Titled Tuesday intern op 6th Dec 2pm"]
[Site "Chess.com INT"]
[Date "2017.01.03"]
[Round "5"]
[White "Sztokbant, Bernardo Vainzoff"]
[Black "Stegariu, Vlad Ionut"]
[Result "1-0"]
[WhiteElo "2172"]
[BlackElo "2244"]
[PlyCount "127"]
[EventDate "2017.12.06"]
[EventType "swiss (blitz)"]
[EventRounds "9"]
[EventCountry "USA"]
[SourceTitle "EXT 2021"]
[Source "ChessBase"]
[SourceDate "2020.10.23"]
[SourceVersion "1"]
[SourceVersionDate "2020.10.23"]
[SourceQuality "1"]

1. e4 e5 2. Nf3 Nc6 3. Bb5 a6 4. Ba4 Nf6 5. 0-0 b5 6. Bb3 Be7 7. Re1 0-0 8. c3 d6 9. h3 Bb7 10. d4 Nb8 11. Nbd2 Nbd7 12. Bc2 Re8 13. Nf1 Bf8 14. Ng3 g6 15. a4 c6 16. Bg5 Bg7 17. b4 Qc7 18. Qd2 d5 19. axb5 axb5 20. Rxa8 Bxa8 21. exd5 exd4 22. Rxe8+ Nxe8 23. Nxd4 cxd5 24. Nxb5 Qc4 25. Nd4 Nd6 26. Bd3 Qc7 27. Bf4 Qb6 28. Qe3 Nf6 29. Qe7 Nfe8 30. Be3 Bf8 31. Qh4 Qc7 32. Nge2 Bg7 33. Qf4 Qe7 34. Nf3 Bb7 35. Bd4 Bf8 36. Ne5 Nf6 37. Nxg6 hxg6 38. Qxf6 Qxf6 39. Bxf6 Bh6 40. Bd4 Bd2 41. f3 Kf8 42. Kf2 Ke7 43. Be3 Bxe3+ 44. Kxe3 Nc8 45. Kd4 Kd6 46. c4 dxc4 47. Bxc4 f6 48. Nf4 g5 49. Nh5 Ke7 50. Bd5 Ba6 51. Ng7 Nd6 52. Kc5 Bf1 53. f4 gxf4 54. Nh5 Nf5 55. Nxf4 Ne3 56. Bf3 Kd7 57. b5 Kc7 58. Nd5+ Nxd5 59. Bxd5 Be2 60. b6+ Kb8 61. Kd6 Bd3 62. Ke6 f5 63. Kf6 f4 64. Ke5 1-0

[Event "ROM-ch"]
[Site "Olanesti"]
[Date "2016.04.09"]
[Round "8"]
[White "Stegariu, Vlad Ionut"]
[Black "Petrisor, Adrian Marian"]
[Result "1/2-1/2"]
[WhiteElo "2227"]
[BlackElo "2412"]
[PlyCount "50"]
[EventDate "2016.04.02"]
[EventType "swiss"]
[EventRounds "9"]
[EventCountry "ROU"]
[SourceTitle "CBM 171 Extra"]
[Source "ChessBase"]
[SourceDate "2016.04.26"]
[SourceVersion "1"]
[SourceVersionDate "2016.04.26"]
[SourceQuality "1"]

1. c4 Nf6 2. d4 g6 3. Nc3 d5 4. Bf4 Bg7 5. Rc1 dxc4 6. e3 Nh5 7. Bg5 Be6 8. Nf3 h6 9. Bh4 c6 10. a4 Na6 11. Ne4 Qa5+ 12. Nfd2 c5 13. Bxc4 Bxc4 14. Rxc4 cxd4 15. exd4 0-0 16. 0-0 Rfe8 17. Qb3 Qd5 18. Nc3 Qd7 19. Nde4 Bxd4 20. Rd1 e5 21. Nb5 Qg4 22. Ned6 Nf4 23. Bg3 Bxf2+ 24. Kh1 Bxg3 25. Rc8 Qd7 1/2-1/2

[Event "ROM-ch"]
[Site "Olanesti"]
[Date "2016.04.08"]
[Round "7"]
[White "Avramescu, Paul Mihai"]
[Black "Stegariu, Vlad Ionut"]
[Result "0-1"]
[WhiteElo "2063"]
[BlackElo "2227"]
[PlyCount "100"]
[EventDate "2016.04.02"]
[EventType "swiss"]
[EventRounds "9"]
[EventCountry "ROU"]
[SourceTitle "CBM 171 Extra"]
[Source "ChessBase"]
[SourceDate "2016.04.26"]
[SourceVersion "1"]
[SourceVersionDate "2016.04.26"]
[SourceQuality "1"]

1. d4 Nf6 2. Nf3 g6 3. Bg5 Bg7 4. Nbd2 d6 5. e3 Nbd7 6. Be2 h6 7. Bh4 g5 8. Bg3 Nh5 9. c3 Nxg3 10. hxg3 e6 11. Qc2 Qe7 12. Nb3 b6 13. Nfd2 Bb7 14. Bf3 Bxf3 15. Nxf3 c5 16. 0-0 0-0 17. Rac1 b5 18. dxc5 dxc5 19. Rfd1 Nb6 20. Na5 Rac8 21. Rd2 c4 22. Nd4 a6 23. Rcd1 Qc5 24. Qe4 Qc7 25. Nac6 Na4 26. f4 Nc5 27. Qf3 Qb7 28. f5 Rfe8 29. f6 Bf8 30. Ne5 Qe4 31. Ng4 Red8 32. Nf2 Qxf3 33. gxf3 Kh7 34. Ne4 Kg6 35. Rf1 e5 36. Ne2 Rxd2 37. Nxd2 Kxf6 38. Ne4+ Ke6 39. Nxc5+ Bxc5 40. Kf2 Rd8 41. Rh1 Rd3 42. Rxh6+ f6 43. g4 Rxe3 44. Ng3 Rxc3+ 45. Kg2 Rc2+ 46. Kh1 Rxb2 47. Ne4 Be7 48. Nxg5+ Kd7 49. Ne4 b4 50. g5 c3 0-1

[Event "Groningen op 52nd"]
[Site "Groningen"]
[Date "2014.12.30"]
[Round "9"]
[White "Stegariu, Vlad Ionut"]
[Black "Ebralidze, Alexandre"]
[Result "1/2-1/2"]
[WhiteElo "2268"]
[BlackElo "2128"]
[PlyCount "27"]
[EventDate "2014.12.21"]
[EventType "swiss"]
[EventRounds "9"]
[EventCountry "NED"]
[SourceTitle "EXT 2016"]
[Source "ChessBase"]
[SourceDate "2015.10.08"]
[SourceVersion "1"]
[SourceVersionDate "2015.10.08"]
[SourceQuality "1"]

1. d4 d5 2. c4 e6 3. Nc3 Be7 4. cxd5 exd5 5. Bf4 c6 6. e3 Bf5 7. g4 Be6 8. h3 h5 9. gxh5 Nf6 10. Be2 Qb6 11. Rb1 Bf5 12. Bd3 Bxd3 13. Qxd3 Nxh5 14. Nge2 1/2-1/2

[Event "Groningen op 52nd"]
[Site "Groningen"]
[Date "2014.12.24"]
[Round "4"]
[White "Hovhannisyan, Mher"]
[Black "Stegariu, Vlad Ionut"]
[Result "1/2-1/2"]
[WhiteElo "2511"]
[BlackElo "2268"]
[PlyCount "170"]
[EventDate "2014.12.21"]
[EventType "swiss"]
[EventRounds "9"]
[EventCountry "NED"]
[SourceTitle "CBM 164 Extra"]
[Source "ChessBase"]
[SourceDate "2015.03.02"]
[SourceVersion "1"]
[SourceVersionDate "2015.03.02"]
[SourceQuality "1"]

1. d4 Nf6 2. Nf3 g6 3. g3 Bg7 4. Bg2 0-0 5. 0-0 d5 6. c4 c6 7. b3 a5 8. Nc3 Ne4 9. Bb2 Nxc3 10. Bxc3 Nd7 11. Rc1 a4 12. c5 axb3 13. Qxb3 Qc7 14. a4 e5 15. e3 h5 16. Nxe5 Nxe5 17. dxe5 Bxe5 18. Bxe5 Qxe5 19. Rfd1 h4 20. gxh4 Kg7 21. Rd4 Rh8 22. Rf4 Rh5 23. Qb4 Rf5 24. Rd4 Qf6 25. Rc2 Rh5 26. Rb2 g5 27. hxg5 Rxg5 28. h4 Rg6 29. Rf4 Qe5 30. Kf1 Rxa4 31. Qxa4 Qxb2 32. Qd4+ Qxd4 33. Rxd4 Kh6 34. Rf4 Be6 35. Rb4 Bf5 36. Bf3 Bd3+ 37. Be2 Ba6 38. Rf4 Bxe2+ 39. Kxe2 f6 40. Rb4 Rg7 41. Rf4 Kh5 42. Kf3 Rf7 43. Kg3 f5 44. Kf3 Kg6 45. Rb4 Rh7 46. Kg3 Kf6 47. Rb1 Ke5 48. Rb4 Rg7+ 49. Kf3 Rh7 50. Ke2 Kf6 51. Kd3 Kg6 52. Ke2 Kf6 53. Kd2 Rg7 54. Kd3 Rg1 55. Rxb7 Rc1 56. h5 Kg5 57. Rh7 Rxc5 58. f4+ Kf6 59. Rh6+ Kg7 60. Rg6+ Kf7 61. Kd4 Rc4+ 62. Ke5 Re4+ 63. Kxf5 Rxe3 64. Rxc6 d4 65. Rc7+ Kg8 66. Rd7 d3 67. Kf6 Rh3 68. f5 Rg3 69. Rd8+ Kh7 70. Ke6 Re3+ 71. Kf6 Rf3 72. Kg5 Rg3+ 73. Kf4 Rh3 74. f6 d2 75. Kg4 Rh2 76. Kg5 Rf2 77. Rd7+ Kg8 78. Kg6 Rg2+ 79. Kf5 Rf2+ 80. Kg5 Rg2+ 81. Kf5 Rf2+ 82. Kg5 Rg2+ 83. Kh4 Rf2 84. Kg4 Rxf6 85. Rxd2 Ra6 1/2-1/2

[Event "Groningen op 52nd"]
[Site "Groningen"]
[Date "2014.12.22"]
[Round "2"]
[White "Azaladze, Shota"]
[Black "Stegariu, Vlad Ionut"]
[Result "1-0"]
[WhiteElo "2499"]
[BlackElo "2268"]
[PlyCount "75"]
[EventDate "2014.12.21"]
[EventType "swiss"]
[EventRounds "9"]
[EventCountry "NED"]
[SourceTitle "CBM 164 Extra"]
[Source "ChessBase"]
[SourceDate "2015.03.02"]
[SourceVersion "1"]
[SourceVersionDate "2015.03.02"]
[SourceQuality "1"]

1. g3 Nf6 2. Bg2 d5 3. Nf3 c6 4. c4 dxc4 5. 0-0 Bf5 6. Na3 Nbd7 7. Nxc4 Nb6 8. Na5 Rb8 9. d3 e6 10. e4 Bg4 11. Bf4 Bb4 12. Bxb8 Qxb8 13. Nb3 0-0 14. Qc2 Rd8 15. d4 h6 16. Ne5 Bh5 17. Bf3 Bxf3 18. Nxf3 Be7 19. Rad1 Qc8 20. Ne5 Nfd7 21. f4 Bf6 22. Kg2 Qb8 23. a3 Qc8 24. Na5 Qb8 25. b4 a6 26. Qf2 Qc7 27. Nd3 Na4 28. Qc2 Nab6 29. Nc5 Nxc5 30. dxc5 Nc8 31. Rxd8+ Bxd8 32. Rd1 Be7 33. Qd3 b6 34. Qd7 Qxd7 35. Rxd7 bxa5 36. Rc7 Nd6 37. cxd6 Bxd6 38. Rxc6 1-0